Onassis (rey del oro negro) / (Record no. 134312)

MARC details
000 -LEADER
campo de control de longitud fija 00633nam a2200205 i 4500
001 - NÚMERO DE CONTROL
campo de control 134312
003 - IDENTIFICADOR DE NÚMERO DE CONTROL
campo de control ES-MaACL
005 - FECHA Y HORA DE LA ÚLTIMA TRANSACCIÓN
campo de control 20250804012624.0
007 - CAMPO FIJO DE DESCRIPCIÓN FÍSICA--INFORMACIÓN GENERAL
campo de control de longitud fija t|
008 - DATOS DE LONGITUD FIJA--INFORMACIÓN GENERAL
campo de control de longitud fija 070907s1957 sp ||||1| spa d
100 1# - ENTRADA PRINCIPAL--NOMBRE DE PERSONA
Nombre de persona White, Harry.
9 (RLIN) 116661
245 10 - MENCIÓN DEL TÍTULO
Título Onassis (rey del oro negro) /
Mención de responsabilidad, etc. por Harry White ; [traducido del alemán por Ernesto Salcedo].
250 ## - MENCION DE EDICION
Mención de edición 1ª ed.
260 ## - PUBLICACIÓN, DISTRIBUCIÓN, ETC.
Lugar de publicación, distribución, etc. Barcelona :
Nombre del editor, distribuidor, etc. A. H. R.,
Fecha de publicación, distribución, etc. 1957.
300 ## - DESCRIPCIÓN FÍSICA
Extensión 244 p. ;
Dimensiones 20 cm.
600 14 - PUNTO DE ACCESO ADICIONAL DE MATERIA--NOMBRE DE PERSONA
Nombre de persona Onassis, Aristóteles Sócrates,
Fechas asociadas al nombre 1906-1975
9 (RLIN) 87053
700 1# - ENTRADA AGREGADA--NOMBRE PERSONAL
Nombre de persona Salcedo, Ernesto.
9 (RLIN) 101839
852 ## - LOCALIZACIÓN
Ubicación ES-MaACL
Número de control de estantería C-13844
Sublocalización o colección R.41530
Holdings
Estatus retirado Estado de pérdida Estado de daño No para préstamo Biblioteca de origen Biblioteca actual Ubicación en estantería Fecha de adquisición Fuente de adquisición Total de préstamos Signatura topográfica completa Código de barras Visto por última vez Precio de reemplazo Tipo de ítem Koha
        Biblioteca del Ateneo de Madrid Biblioteca del Ateneo de Madrid Sala Palomar 17/01/2008     C-13844 1139807 23/02/2023 23/02/2023 Libro impreso